Guess the DEMON by the EMOJI! #2 - Statistics

General Stats
  • This quiz has been taken 4 times
  • The average score is 15 of 16
Answer Stats
Hint Answer % Correct
๐Ÿ•—๐Ÿ…พ๏ธ(what time is it on the clock) 8o
100%
โ™ฃ๏ธ๐Ÿชœ clubstep
100%
๐Ÿ˜ต๐Ÿ”’ deadlocked
100%
๐Ÿ‘‚๐ŸšŒ (sound it out) erebus
100%
๐Ÿ”ฅ๐Ÿ›• fire temple
100%
๐ŸŽ† firework
100%
๐Ÿ”ฅ๐Ÿงฑ (the extreme not the inane) flamewall
100%
๐Ÿ—๏ธ๐Ÿซต๐Ÿ—๏ธ (sound it out) kyouki
100%
๐Ÿ”‡โ™ฃ๏ธ silent club
100%
โŒ x
100%
โŽ๐Ÿ…พ๏ธ xo
100%
โ„๏ธ๐Ÿฅต cold sweat
75%
๐Ÿ’ฉ3๏ธโƒฃ poocubed
75%
๐Ÿ“ปโŽ๐ŸŒฒโ“‚๏ธ๐Ÿชน (sound it out) stereo extremeness
75%
โฌœ๐ŸŒŒ white space
75%
๐Ÿ…ฐ๏ธ๐ŸŒพ๐Ÿ‘ฎ (sound it out) acropolis
50%
No matching quizzes found
Score Distribution
Percent of People with Each Score
Percentile by Number Answered
Your Score History
You have not taken this quiz